000 00626nam a2200205 a 4500
001 BRCA_5484
005 20190320205111.0
008 010211s1900----gw-a######---#000-0#ger-#
050 4 _aND588.D8
_b.M63
_c1900
100 1 _aMohle, Hans
_914019
245 1 0 _aDurer - Bildnisse Selbstbildnisse - Familie - Umwelt
_cvon Hans Mohle.
260 _aBremen, Alemania
_bAngelsachnen
_c1900
300 _a12 p.
_bil. (algunas a color), 13 láminas
_c34 cm.
500 _aE161
600 1 4 _aDurer, Albrecht
_d1471-1528
_948
650 1 4 _aPintores alemanes
_9797
650 1 4 _aGrabadores alemanes
_97216
902 _aGFM
942 _2lcc
_cB
999 _c5178
_d5178